000 00328nam a2200133Ia 4500
005 20251222155154.0
008 251222s9999||||xx |||||||||||||| ||spa||
082 _aMEQ.223
100 _aE. De Teresa.
245 0 _aPrograma Andreu de actualizac. Insuficiencia cardiaca
250 _a1ra. ed.
264 _bErgon
942 _cLIB
999 _c39692
_d39692